| 000 | 01294cam a22003014a 4500 | ||
|---|---|---|---|
| 001 | 11780141 | ||
| 005 | 20060807190817.0 | ||
| 008 | 990824s2000 enk |rb 001 0deng | ||
| 010 | _a 99046278 | ||
| 020 | _a0415217121 (pbk. : alk. paper) | ||
| 020 | _a9780415217125 (pbk. : alk. paper) | ||
| 040 |
_aDLC _cDLC _dDLC |
||
| 042 | _apcc | ||
| 050 | 0 | 0 |
_aBJ1031 _b.M666 2000 |
| 082 | 0 | 0 |
_a170 _221 _bMOR |
| 245 | 0 | 0 |
_aMoral Disagreements : _bClassic and Contemporary Readings / _cEdited by Christopher W. Gowans. |
| 260 |
_aLondon ; _aNew York : _bRoutledge, _c2000. |
||
| 300 |
_axii, 265 p. ; _c24 cm. |
||
| 490 | _924244 | ||
| 504 | _aIncludes bibliographical references (p. 242-260) and index. | ||
| 650 | 0 |
_aEthical problems. _928433 |
|
| 653 |
_bPol _cJanuary2012 |
||
| 700 | 1 |
_aGowans, Christopher W. _eedt _928434 |
|
| 856 | 4 | 2 |
_3Publisher description _uhttp://www.loc.gov/catdir/enhancements/fy0650/99046278-d.html |
| 942 |
_2ddc _cBB |
||
| 999 |
_c16342 _d16342 |
||